| 000 | 00507nam a22002057a 4500 | ||
|---|---|---|---|
| 003 | dpl | ||
| 005 | 20180710163230.0 | ||
| 008 | 180710b xxu||||| |||| 00| 0 eng d | ||
| 020 |
_a9788125026822 _c185.00 |
||
| 035 | _aB-167179 | ||
| 040 |
_aDPL _bEN _c0 |
||
| 082 | _aN | ||
| 100 | _aAshokmitran | ||
| 245 |
_aMole! _cby Ashokamitran |
||
| 246 | _aOtran | ||
| 260 |
_aNew Delhi _bOrient Longman Pvt Ltd _c2005 |
||
| 300 | _aviii;, 161p; | ||
| 710 | _aby N Kalyan Raman | ||
| 942 |
_2ddc _cEN _hN _mASH |
||
| 999 |
_c153790 _d153790 |
||